000
00322nam a22001457a 4500
008
230206b ||||| |||| 00| 0 eng d
020
_a
9780321945525
041
_a
eng
080
_2
13TH EDITION
_a
51
082
_a
51BAR
100
_a
20
101
_a
MATEM
245
_a
FINITE MATHEMATICS
_c
BARNETT
942
_2
udc
_c
BK
999
_c
59316
_d
59316